000
00348 a2200169 4500
001
70289
020
_a
8508058195
040
_c
Anchieta - Itaigara
100
_a
Ragache, Gilles
240
1
0
_a
A Europa
_l
por
245
1
0
_a
A Europa
300
_a
48
362
0
_a
1996
440
1
_a
Ática
650
4
_a
Literatura infanto-juvenil
942
_c
BK
999
_c
70289
_d
70289